000 00753nam a22001577a 4500
003 OSt
005 20151202151541.0
008 151202b xxu||||| |||| 00| 0 eng d
040 _cRUA
082 _aFIS NGU 2003 B175 Or.1
100 _94156
_aNGUON POR SUONG; ងួន ប៉ោសួង
245 _aStudy on trawl for boat, stung sen, using engine 150W, hino in koh kong province, ការសិក្សាលើឧបករណ៍អួនអូសចំពោះទូកឈ្មោះស្ទឹងសែន ដែលប្រើកំលំាងម៉ាស៊ីន ១៥០សេះ ម៉ាក HINO នៅខេត្តកោះកុង.
260 _aPhnom Penh
_bRUA
_c2003
300 _avii; 54p.
_bill.
_c29cm.
942 _2ddc
_cFIS
999 _c3870
_d3870